| 000 | 00419nam a2200169Ia 4500 | ||
|---|---|---|---|
| 008 | 230125s9999 xx 000 0 und d | ||
| 041 | _aeng | ||
| 082 |
_a491.47 _bNAI |
||
| 100 |
_aNair U _9107373 |
||
| 245 | _aGujarathi akshar parichay | ||
| 260 |
_c1991 _bCentral Publication |
||
| 300 | _a40p | ||
| 500 | _aGujarathi Books | ||
| 650 | _aGeneral | ||
| 700 |
_aNair U _9107373 |
||
| 999 |
_c86606 _d86606 |
||